00649nam a2200193 a 4500001001000000003000900010005001700019007000300036008004100039040002500080082002500105100003900130245005300169260005300222300002800275650007300303650002900376651005000405000008568DO-SdBNP20250621074005.0ta090917s1986 dr a 000 0 spa d aDO-SdBNPbspacBNPHU 4a320.97293bB641d2221 aJorge Blanco, Salvador,d1926-201010aDiscursos :b1983-1984 /cSalvador Jorge Blanco. aSanto Domingo :bFotomecánica Cipriano,c1986. a399 p. :bil. ;c21 cm. 4aRepública dominicanaxPresidente(1982-1986: salvador jorge blanco) 4aDiscursos presidenciales 0aRepública DominicanaxPolítica y gobierno